Estatut de l'Autonomia de Catalunya : aprovat per l'Assemblea de la Mancomunitat del dia 25 de gener de 1919 aprovat per l'Assemblea de la Mancomunitat del dia 25 de gener de 1919
Descripción Física:
38 p. ; 21 cm
Materias:
Catalunya. Estatut (1919)
MARC
| LEADER | 00000nam a2200000Ia 4500 | ||
|---|---|---|---|
| 001 | 1077 | ||
| 008 | 160829s1919 xx 000 0 cat d | ||
| 080 | |a RF-4-37 | ||
| 100 | |a Catalunya. Estatut (1919) |9 23862 | ||
| 245 | |a Estatut de l'Autonomia de Catalunya : |b aprovat per l'Assemblea de la Mancomunitat del dia 25 de gener de 1919 | ||
| 260 | |a Barcelona : |b Imp. de la Casa de Caritat, |c 1919 | ||
| 300 | |a 38 p. ; |c 21 cm | ||
| 590 | |a Hi ha un duplicat a: DUP-285 | ||
| 650 | |a Catalunya. Estatut (1919) |9 23862 | ||
| 710 | 2 | |a Catalunya. |b Mancomunitat |9 53015 | |
| 856 | 4 | |u https://media.diba.cat/diba/fitxers/arxiu/fulletons/bib_1077_1919_baixa.pdf |y Accés lliure | |
| 856 | 4 | |u https://media.diba.cat/diba/fitxers/arxiu/fulletons/bib_1077_1919_baixa.pdf |y Accés lliure | |
| 901 | |a Arxiu | ||
| 942 | |n 1 |2 udc | ||
| 952 | |0 0 |1 0 |4 0 |6 RF437 |7 1 |9 42892 |a Arxiu |b Arxiu |d 2016-12-01 |l 0 |o RF-4-37 |p 1077 |r 2016-12-01 00:00:00 |w 2016-12-01 |y ARXIU | ||
| 999 | |c 45398 |d 45398 | ||
| 900 | |a bib_1077_1919_baixa.pdf | ||